=LDR 00000nam 2200000 4500 =001 INLIS000000000008135 =005 20260109073914 =035 ##$$a 0010-0123000068 =245 1#$$a Kun Fayakun : $b Selalu Ada Harapan di Tengah Kesulitan /$c Yusuf Mansur =100 1#$$a MANSUR, Yusuf =300 ##$$a 272 halaman : $b Gambar ; $c 15x23 cm =260 ##$$a Jakarta :$b Lini Zikrul Media Intelektual,$c 2008 =650 #4$$a Dakwah Islam, Penyebaran Islam =520 ##$$a Buku ini mengajak anda menembus wilayah langit untuk meminta bantuan Allah, berharap pada kuasa-Nya, serta meminta-Nya hadir di tengah permasalahan yang kita hadapi. Karena bila dia sudah berkenan, kita tidak hanya bisa tersenyum sebab keinginan kita dengan mudah telah didapat, akan tetapi kita juga bisa say good bye mengucapkan wassalam pada semua kesulitan kita. =020 ##$$a 978-979-26-2259-1 =250 ##$$a Cet. 5 =008 260109################g##########0#ind## =082 ##$$a 297.73 =084 ##$$a 297.73 MAN k =856 ##$$a OPAC Sirkulasi (Rak 3.2) =990 ##$$a 577/H-21